Joy Division and New Order - Every UK Hit Single - Statistics

General Stats
  • This quiz has been taken 14 times
  • The average score is 15 of 58
Answer Stats
Artist Answer Peak Chart Position Year % Correct
New Order Blue Monday 9 1983
89%
New Order Blue Monday 1988 3 1988
89%
New Order Blue Monday-95 17 1995
89%
Joy Division Love Will Tear Us Apart 13 1980
89%
Joy Division Love Will Tear Us Apart 19 1983
89%
New Order Bizarre Love Triangle 56 1986
67%
New Order Ceremony 34 1981
56%
New Order Regret 4 1993
56%
New Order True Faith 4 1987
56%
New Order True Faith-94 9 1994
56%
New Order World (The Price of Love) 13 1993
56%
New Order Crystal 8 2001
44%
Electronic Getting Away with It 12 1989
44%
Joy Division She's Lost Control 34 1988
44%
New Order Temptation 29 1982
44%
New Order State of the Nation 30 1986
33%
New Order The Perfect Kiss 46 1985
33%
New Order Thieves Like Us 18 1984
33%
ENGLANDneworder World in Motion 1 1990
33%
New Order World in Motion 22 2010
33%
Joy Division Atmosphere 34 1988
22%
New Order Confusion 12 1983
22%
New Order vs. Arthur Baker Confusion Remixes '02 64 2002
22%
Electronic Disappointed 6 1992
22%
New Order Everything's Gone Green 38 1981
22%
Electronic Get the Message 8 1991
22%
The Other Two Selfish 46 1993
22%
New Order Shellshock 28 1986
22%
New Order Sub-culture 63 1985
22%
The Other Two Tasty Fish 41 1991
22%
New Order Touched by the Hand of God 20 1987
22%
Monaco What Do You Want from Me? 11 1997
22%
New Order 1963 21 1995
11%
Electronic Feel Every Beat 39 1991
11%
Electronic Forbidden City 14 1996
11%
Electronic For You 16 1996
11%
New Order Procession 38 1981
11%
New Order Round & Round 21 1989
11%
New Order Ruined in a Day 22 1993
11%
Monaco Shine (Someone Who Needs Me) 55 1997
11%
Monaco Sweet Lips 18 1997
11%
New Order Waiting for the Sirens' Call 21 2005
11%
New Order 60 Miles an Hour 29 2001
0%
New Order Acid House Mixes by 808 State 76 2004
0%
New Order Fine Time 11 1988
0%
New Order Here to Stay 15 2002
0%
New Order Ft. Ana Matronic Jetstream 20 2005
0%
New Order Krafty 8 2005
0%
New Order Murder 92 1984
0%
New Order Peel Sessions 1981 95 1987
0%
New Order Peel Sessions 1982 52 1986
0%
New Order Run 2 49 1989
0%
Electronic Second Nature 35 1997
0%
New Order Spooky 22 1993
0%
Joy Division The Peel Sessions 96 1986
0%
Joy Division The Peel Sessions 98 1987
0%
New Order Video 5 8 6 86 1997
0%
Electronic Vivid 17 1999
0%
No matching quizzes found
Score Distribution
Percent of People with Each Score
Percentile by Number Answered
Your Score History
You have not taken this quiz